[Event "15. OIBM Bad Wiessee"]
[Site "Bad Wiessee"]
[Date "2011.10.30"]
[Round "3.48"]
[White "Michalczak, Thomas"]
[Black "Taube, Hubertus"]
[Result "1-0"]
[WhiteElo "2316"]
[BlackElo "2090"]
[PlyCount "98"]
[EventDate "2011.??.??"]
[WhiteTeam "SG Solingen e.V."]
[BlackTeam "1.SK Neuperlach e.V."]

1. e4 c6 2. d4 d5 3. Nc3 dxe4 4. Nxe4 Nf6 5. Nxf6+ exf6 6. c3 Bd6 7. Bd3 O-O 8.
Qc2 g6 9. Be3 Be6 10. h4 Bd5 11. Nf3 Bxf3 12. gxf3 f5 13. O-O-O f4 14. Bd2 Nd7
15. h5 Qf6 16. hxg6 hxg6 17. Rdg1 Kg7 18. Bf5 Nb6 19. Rg4 Nd5 20. Be4 Rh8 21.
Rhg1 Ne7 22. c4 Rh6 23. Bc3 Rah8 24. Qd1 Rh5 25. Kb1 b5 26. c5 Bc7 27. d5 Be5
28. Bxe5 Rxe5 29. d6 Nd5 30. Qd3 g5 31. Qd4 Kf8 32. Rd1 Rh6 33. Bxd5 Rxd5 34.
Qxf6 Rxd1+ 35. Kc2 Rxf6 36. Kxd1 Rf5 37. b4 a5 38. a3 Rd5+ 39. Kc2 a4 40. Rg1
Re5 41. Rh1 Ke8 42. Rh8+ Kd7 43. Kd2 Rd5+ 44. Ke2 Re5+ 45. Kf1 Rd5 46. Rf8 Ke6
47. Re8+ Kf6 48. Ke2 Rd4 49. Rc8 Rc4 1-0

[Event "15. OIBM Bad Wiessee"]
[Site "Bad Wiessee"]
[Date "2011.10.31"]
[Round "3.42"]
[White "Zhigalko, Andrey"]
[Black "Diotallevi, Maurizio"]
[Result "1-0"]
[WhiteElo "2555"]
[BlackElo "2054"]
[PlyCount "39"]
[EventDate "2011.??.??"]
[BlackTeam "Castelfidardo"]

1. d4 g6 2. e4 Bg7 3. Nc3 d6 4. f4 a6 5. Nf3 e6 6. Bd3 Ne7 7. Be3 b5 8. Qd2 Nd7
9. O-O-O f5 10. Rhe1 Nb6 11. Bf2 O-O 12. a3 Rb8 13. Re2 Na8 14. Bh4 Bf6 15.
Bxf6 Rxf6 16. Rde1 Rf8 17. exf5 Nxf5 18. d5 Nb6 19. dxe6 Ne7 20. f5 1-0

[Event "15. OIBM Bad Wiessee"]
[Site "Bad Wiessee"]
[Date "2011.10.31"]
[Round "4.1"]
[White "Hertneck, Gerald"]
[Black "Zhigalko, Sergei"]
[Result "0-1"]
[WhiteElo "2547"]
[BlackElo "2696"]
[PlyCount "72"]
[EventDate "2011.??.??"]
[WhiteTeam "MSA Zugzwang 82 e.V."]

1. d4 Nf6 2. c4 e6 3. g3 c5 4. Nf3 cxd4 5. Nxd4 Qc7 6. b3 Bb4+ 7. Bd2 Bc5 8. e3
d5 9. Bc3 dxc4 10. bxc4 O-O 11. Bg2 e5 12. Nb3 Be7 13. N1d2 Nc6 14. O-O Bf5 15.
e4 Bg4 16. f3 Bd7 17. Qe2 a5 18. Rab1 Rfd8 19. Rfd1 a4 20. Na1 Bc5+ 21. Kh1 Bd4
22. Qd3 Bxc3 23. Qxc3 Nd4 24. Nc2 Nxc2 25. Qxc2 Be6 26. Rb5 Rd4 27. Rdb1 Qd8
28. Nf1 Bxc4 29. Rxe5 Bd3 30. Qb2 Bxb1 31. Qxb1 b6 32. Rb5 Rd1 33. Qc2 Rc8 34.
Qe2 Rcc1 35. f4 Re1 36. Qf3 Nxe4 0-1

[Event "15. OIBM Bad Wiessee"]
[Site "Bad Wiessee"]
[Date "2011.10.31"]
[Round "4.2"]
[White "Nisipeanu, Liviu-Dieter"]
[Black "Kunin, Vitaly"]
[Result "1-0"]
[WhiteElo "2638"]
[BlackElo "2549"]
[PlyCount "219"]
[EventDate "2011.??.??"]
[BlackTeam "Freibauer Mörlenbach-Birkenau"]

1. d4 Nf6 2. c4 e6 3. Nc3 Bb4 4. e3 b6 5. Nge2 c5 6. a3 Ba5 7. Rb1 Na6 8. g3
Bb7 9. d5 b5 10. Bg2 bxc4 11. O-O O-O 12. e4 d6 13. Bg5 h6 14. Bxf6 Qxf6 15.
dxe6 Qxe6 16. Qa4 Bd8 17. Nf4 Qe5 18. Rfd1 Nc7 19. Qd7 Rb8 20. Bf1 Bc8 21. Qxd6
Qxd6 22. Rxd6 Bf6 23. Rc6 Ne6 24. Nfd5 Bxc3 25. Nxc3 Rd8 26. Rd1 Rxd1 27. Nxd1
Bb7 28. Rd6 Bxe4 29. Bxc4 Nd4 30. Bd5 Bf5 31. h4 Kf8 32. Ne3 Be6 33. Bxe6 fxe6
34. b4 Nb5 35. Rxe6 cxb4 36. axb4 Nd4 37. Ra6 Rxb4 38. Rxa7 Rb5 39. Kg2 Nf5 40.
Nc4 Rc5 41. Nb6 Rb5 42. Nc4 Rc5 43. Ra4 Kf7 44. h5 Ne7 45. g4 Kf6 46. Kg3 Rc6
47. Ne3 Kf7 48. Ra7 Kf8 49. f3 Rc5 50. Rd7 Rc8 51. Rd4 Rc5 52. f4 Rc3 53. Kf3
Kf7 54. Ke4 Rc1 55. Nc4 Nc6 56. Ne5+ Kf6 57. Nd3 Rc2 58. Ra4 Re2+ 59. Kf3 Rc2
60. Ra6 Ke7 61. Ke4 Re2+ 62. Kf5 Re6 63. Ra4 Rf6+ 64. Ke4 Re6+ 65. Ne5 Rd6 66.
Rc4 Nd8 67. Rc7+ Kf8 68. Ng6+ Kg8 69. Ne7+ Kf8 70. Nf5 Re6+ 71. Kf3 g6 72. hxg6
Rxg6 73. Kg3 Ra6 74. Rc8 Ke8 75. Rc4 Kf7 76. Kh4 Kg6 77. Ne7+ Kf7 78. Nf5 Kg6
79. Ne7+ Kf7 80. Nd5 Ra1 81. Rc7+ Ke6 82. Ne3 Kf6 83. Nd5+ Ke6 84. Ne3 Kf6 85.
Rd7 Nf7 86. Nd5+ Ke6 87. Re7+ Kxd5 88. Rxf7 Rh1+ 89. Kg3 Rg1+ 90. Kf3 Rf1+ 91.
Kg2 Ra1 92. Re7 Ra3 93. f5 Ra8 94. Kg3 Ra1 95. Re8 Rg1+ 96. Kf3 Rf1+ 97. Kg2
Rf4 98. Kg3 Rf1 99. Re3 Rg1+ 100. Kh4 Rh1+ 101. Rh3 Rg1 102. Kh5 Ke5 103. Ra3
Rh1+ 104. Kg6 Rg1 105. Ra5+ Kd6 106. Ra4 Rh1 107. f6 Rf1 108. f7 Ke7 109. Re4+
Kd7 110. Kg7 1-0

[Event "15. OIBM Bad Wiessee"]
[Site "Bad Wiessee"]
[Date "2011.10.31"]
[Round "4.4"]
[White "Khenkin, Igor"]
[Black "Jakubiec, Artur"]
[Result "1/2-1/2"]
[WhiteElo "2624"]
[BlackElo "2528"]
[PlyCount "47"]
[EventDate "2011.??.??"]
[WhiteTeam "Wiesbadener SV 1885"]

1. d4 Nf6 2. c4 g6 3. Nc3 Bg7 4. e4 d6 5. f3 O-O 6. Be3 e5 7. d5 Nh5 8. Qd2
Qh4+ 9. Bf2 Qf4 10. Be3 Qh4+ 11. g3 Nxg3 12. Qf2 (12. Bf2 Nxf1) 12... Nxf1 13.
Qxh4 Nxe3 14. Qf2 Nxc4 15. Qe2 Nb6 16. h4 h5 17. O-O-O c6 18. Kb1 Rd8 19. Nh3
cxd5 20. Nxd5 Nc6 21. Nxb6 axb6 22. Ng5 Nd4 23. Rxd4 exd4 24. Qb5 (24. Qb5 d5
$1) 1/2-1/2

[Event "15. OIBM Bad Wiessee"]
[Site "Bad Wiessee"]
[Date "2011.10.31"]
[Round "4.5"]
[White "Teske, Henrik"]
[Black "Volkov, Sergey"]
[Result "0-1"]
[WhiteElo "2547"]
[BlackElo "2614"]
[PlyCount "80"]
[EventDate "2011.??.??"]
[WhiteTeam "SC 1950 Remagen"]

1. e4 e6 2. d4 d5 3. exd5 exd5 4. Nf3 Nc6 5. Bb5 Bd6 6. Bg5 Nge7 7. Nbd2 O-O 8.
O-O f6 9. Bh4 g5 10. Bxc6 bxc6 11. Bg3 Ng6 12. c4 Rb8 13. cxd5 cxd5 14. Nb3 h5
15. Rc1 Kg7 16. Rc6 Bb7 17. Nc5 Bc8 18. Nd3 h4 19. Bxd6 cxd6 20. Qd2 Bf5 21.
Rfc1 Rf7 22. Nfe1 Re7 23. f3 Reb7 24. g4 hxg3 25. hxg3 Ne7 26. Ra6 Qd7 27. b3
Rh8 28. Nf2 Be6 29. f4 g4 30. f5 Bxf5 31. Ng2 Ng6 32. Rcc6 Rd8 33. Nf4 (33. Ne3
Be6 34. Rxd6 Qxd6 35. Rxd6 Rxd6 36. Nexg4 $16) 33... Nxf4 34. Qxf4 Qe6 35. Rc1
$2 (35. Rxd6 Rxd6 36. Rxd6 Qe1+ 37. Kg2 Be4+ 38. Kh2 Rf7 39. Qxg4+ $16 Kh6 40.
Qf4+ Kg6) 35... Kg6 36. Rac6 Re7 37. Rf1 Qe3 38. Rc3 Qxf4 39. gxf4 Re2 40. a4
Rde8 0-1

[Event "15. OIBM Bad Wiessee"]
[Site "Bad Wiessee"]
[Date "2011.10.31"]
[Round "4.6"]
[White "Markowski, Tomasz"]
[Black "Krivoborodov, Egor"]
[Result "1/2-1/2"]
[WhiteElo "2607"]
[BlackElo "2505"]
[PlyCount "53"]
[EventDate "2011.??.??"]
[WhiteTeam "SK König Plauen"]

1. d4 d5 2. Nf3 Nf6 3. c4 c6 4. Nc3 a6 5. g3 dxc4 6. a4 e6 7. Bg2 c5 8. dxc5
Qxd1+ 9. Nxd1 Bxc5 10. Ne5 Nd5 11. Ne3 Nc6 12. Nxc6 Bxe3 13. Bxe3 bxc6 14. Bd4
f6 15. Rc1 e5 16. Bc5 Rb8 17. Ba3 c3 18. Bxd5 cxd5 19. Rxc3 Bd7 20. Kd2 Kf7 21.
Rc7 Ke6 22. Rhc1 Rhc8 23. a5 d4 24. Ra7 Rxc1 25. Kxc1 Bb5 26. Kd2 Rg8 27. f3
1/2-1/2

[Event "15. OIBM Bad Wiessee"]
[Site "Bad Wiessee"]
[Date "2011.10.31"]
[Round "4.7"]
[White "Bromberger, Stefan"]
[Black "Graf, Alexander"]
[Result "0-1"]
[WhiteElo "2511"]
[BlackElo "2628"]
[PlyCount "90"]
[EventDate "2011.??.??"]
[WhiteTeam "FC Bayern München e.V."]
[BlackTeam "SK König Plauen"]

1. c4 e5 2. g3 g6 3. d4 exd4 4. Qxd4 Nf6 5. Bg5 Be7 6. Nc3 h6 7. Bxf6 Bxf6 8.
Qe3+ Kf8 9. h4 Nc6 10. h5 g5 11. Bh3 Ne5 12. Nf3 Nxc4 13. Qc5+ Nd6 14. Nd5 b6
15. Qxc7 Qxc7 16. Nxc7 Rb8 17. Rd1 Ne4 18. b3 Nc3 19. Rd6 Kg7 20. Nd4 Be5 21.
Nf5+ Kf8 22. Rd3 Bb7 23. O-O Rc8 24. Re3 Bf6 25. Rxc3 Bxc3 26. Nb5 Ba6 27. Nfd6
Rc5 28. a4 Bxb5 29. Nxb5 a6 30. Nd6 Be5 31. Nc4 b5 32. axb5 axb5 33. Nb6 Ke7
34. Rd1 Rd8 35. Rd3 d5 36. b4 Rc1+ 37. Kg2 d4 38. Kf3 Rc6 39. Ke4 Rxb6 40. Kxe5
Rc6 41. Ra3 Kf8 42. Ra5 Re8+ 43. Kxd4 Rc4+ 44. Kd3 Rxb4 45. Bf5 Rb2 0-1

[Event "15. OIBM Bad Wiessee"]
[Site "Bad Wiessee"]
[Date "2011.10.31"]
[Round "4.8"]
[White "Baklan, Vladimir"]
[Black "Pezerovic, Edin"]
[Result "1-0"]
[WhiteElo "2617"]
[BlackElo "2455"]
[PlyCount "77"]
[EventDate "2011.??.??"]
[WhiteTeam "SG Porz e.V."]
[BlackTeam "TV Tegernsee"]

1. e4 c6 2. d4 d5 3. e5 Bf5 4. Nf3 e6 5. Be2 Nd7 6. O-O Bg6 7. c3 Ne7 8. Na3 a6
9. Nc2 c5 10. dxc5 Nxc5 11. Ncd4 Nc6 12. Nxc6 bxc6 13. Nd4 Qc7 14. c4 Be7 15.
Be3 O-O 16. Rc1 Qb7 {Diagramm #} 17. Nxc6 Qxc6 18. cxd5 exd5 19. b4 Qe6 20.
bxc5 Qxe5 21. Bd4 Qc7 22. Qd2 Qc6 23. Rfe1 Rfe8 24. Bf1 h6 25. Qc3 Bf8 26. Qa5
Reb8 27. Re3 Bf5 28. h3 Ra7 29. Rg3 g6 30. Rb3 Rxb3 31. axb3 Bg7 32. Qb6 Qa8
33. Bxg7 Kxg7 34. c6 a5 35. c7 Rb7 36. Qd4+ Kh7 37. Qxd5 Be6 38. Qd8 Qc8 39.
Qxc8 1-0

[Event "15. OIBM Bad Wiessee"]
[Site "Bad Wiessee"]
[Date "2011.10.31"]
[Round "4.9"]
[White "Bluebaum, Matthias"]
[Black "Zakhartsov, Viacheslav"]
[Result "0-1"]
[WhiteElo "2388"]
[BlackElo "2580"]
[PlyCount "132"]
[EventDate "2011.??.??"]
[WhiteTeam "SC Hansa Dortmund e.V."]

1. d4 Nf6 2. c4 g6 3. Nc3 d5 4. cxd5 Nxd5 5. e4 Nxc3 6. bxc3 Bg7 7. Bc4 c5 8.
Ne2 Nc6 9. Be3 O-O 10. O-O Qc7 11. Rc1 Rd8 12. Bf4 Qd7 13. dxc5 Qe8 14. Bd5 Bd7
15. Qd3 e6 16. Bb3 e5 17. Bg5 Rdc8 18. Rcd1 Be6 19. Qb5 Rc7 20. Rd2 Rac8 21.
Rfd1 Bd7 22. Qd3 Nb8 23. Be3 Bf8 24. Bd5 Bc6 25. Nc1 Bxd5 26. exd5 Bxc5 27. d6
Rd7 28. Bxc5 Rxc5 29. Nb3 Rc6 30. Qb5 b6 31. Re1 Kg7 32. f4 e4 33. Re3 f5 34.
Nd4 Rc5 35. Qb3 Kf6 36. Nf3 Nc6 37. c4 Kg7 38. Ng5 Kg8 39. Qb2 Na5 40. Rd4 Rxc4
41. Rd5 Rc6 42. Rxa5 bxa5 43. Qb3+ Kh8 44. Qb2+ Rg7 45. Qf6 $2 (45. Nxh7 $1 Qc8
46. Nf6 Rc1+ 47. Kf2 Qc2+ 48. Re2 Qxb2 49. Rxb2 Rc8 50. g4 $1) 45... Kg8 46.
Qd4 Rc1+ 47. Kf2 Rc2+ 48. Kg3 h6 49. Qd5+ Kh8 50. Ne6 Rd7 51. Nc5 Rxc5 52. Qxc5
Qf8 53. Qd4+ Kh7 54. Ra3 Qxd6 55. Qxd6 Rxd6 56. Rxa5 a6 57. Kf2 Kg7 58. Ke3 Kf6
59. g3 g5 60. Ke2 Kg6 61. Ke3 Rd3+ 62. Ke2 gxf4 63. gxf4 Rf3 64. Rxa6+ Kh5 65.
a4 Ra3 66. h3 Rxh3 0-1

[Event "15. OIBM Bad Wiessee"]
[Site "Bad Wiessee"]
[Date "2011.10.31"]
[Round "4.10"]
[White "Swiercz, Dariusz"]
[Black "Kostic, Vladimir"]
[Result "1-0"]
[WhiteElo "2585"]
[BlackElo "2433"]
[PlyCount "103"]
[EventDate "2011.??.??"]
[WhiteTeam "Schachklub Turm Emsdetten e.V."]
[BlackTeam "SK München Südost e.V."]

1. d4 d5 2. Nf3 Nf6 3. c4 c6 4. Nc3 e6 5. e3 Nbd7 6. Qc2 Bb4 7. Be2 O-O 8. O-O
Re8 9. Rd1 h6 10. a3 Ba5 11. b4 Bc7 12. Bb2 Nb6 13. c5 Nbd7 14. e4 dxe4 15.
Nxe4 Nxe4 16. Qxe4 Nf6 17. Qc2 Nd5 18. Qb3 Nf4 19. Bf1 Qd5 20. Qe3 Qh5 21. Ne5
Nd5 22. Qe4 Qf5 23. Qe1 Nf4 24. a4 Rd8 25. Ra3 g5 26. g3 Bxe5 27. dxe5 Rd5 28.
Rxd5 Nxd5 29. Bd3 Qg4 30. Be4 b6 31. f3 Qh3 32. Bxd5 cxd5 33. c6 Qf5 34. Qd1
Qg6 35. Qd3 Qxd3 36. Rxd3 b5 37. a5 Ba6 38. Bd4 Kg7 39. Rc3 Kg6 40. g4 h5 41.
h3 hxg4 42. hxg4 Bc8 43. Kf2 Kg7 44. Ke3 Kg6 45. Rc1 Ba6 46. Rc2 Bc8 47. a6 Kg7
(47... Bxa6 48. Ra2 Bc8 49. Bxa7) 48. Ra2 Kf8 49. Bc5+ Kg7 50. Bd6 f6 51. Kd4
Kf7 52. Kc5 1-0

[Event "15. OIBM Bad Wiessee"]
[Site "Bad Wiessee"]
[Date "2011.10.31"]
[Round "4.11"]
[White "Morawietz, Dieter"]
[Black "Lenderman, Aleksandr"]
[Result "0-1"]
[WhiteElo "2432"]
[BlackElo "2562"]
[PlyCount "100"]
[EventDate "2011.??.??"]
[WhiteTeam "Klub Kölner SF e.V. 1"]

1. e4 c6 2. d4 d5 3. e5 Bf5 4. Nf3 e6 5. Be2 Ne7 6. O-O Nd7 7. Nbd2 c5 8. dxc5
Nc6 9. Nb3 Nxc5 10. Nbd4 Be4 11. c3 Be7 12. Nxc6 bxc6 13. Nd4 Qc7 14. b4 Nd7
15. Qa4 Nxe5 16. f4 Nd7 17. Qxc6 Qxc6 18. Nxc6 Rc8 19. Bb5 Bf6 20. Ne5 Bxe5 21.
fxe5 Rc7 22. Be3 O-O 23. Bd4 Rb8 24. a4 h5 25. Rf2 Bg6 26. Re1 Rbc8 27. a5 Nb8
28. Re3 Rb7 29. Bf1 Rbc7 30. b5 Nd7 31. b6 axb6 32. axb6 Rc6 33. Ba6 Nxb6 34.
Bxc8 Nxc8 35. Rb2 Ne7 36. Re1 Nf5 37. Ra1 Kh7 38. Ra7 Rc4 39. Rd2 Kh6 40. Kf2
Kg5 41. Rb7 h4 42. Rb4 Nxd4 43. Rxc4 Nb3 44. Rcd4 Nxd2 45. Rxd2 Kf4 46. Rd4+
Be4 47. c4 Kxe5 48. Ke3 f5 49. g3 hxg3 50. hxg3 g5 0-1

[Event "15. OIBM Bad Wiessee"]
[Site "Bad Wiessee"]
[Date "2011.10.31"]
[Round "4.12"]
[White "Nyzhnyk, Illja"]
[Black "Lund, Silas"]
[Result "1-0"]
[WhiteElo "2561"]
[BlackElo "2380"]
[PlyCount "63"]
[EventDate "2011.??.??"]
[BlackTeam "Lunds ASK"]

1. d4 Nf6 2. c4 g6 3. Nf3 Bg7 4. g3 d5 5. cxd5 Nxd5 6. Bg2 Nb6 7. Nc3 Nc6 8. e3
O-O 9. O-O Re8 10. Re1 a5 11. Qe2 Be6 12. Nd2 Nb4 13. Rd1 c6 14. a3 N4d5 15.
Nce4 Bf5 16. Nc5 e5 17. dxe5 Qe7 18. Nd3 Bxd3 19. Qxd3 Qxe5 20. Qc2 a4 21. Rb1
Qe7 22. Nf1 Nc7 23. Bd2 Ne6 24. Bb4 Qg5 25. b3 Red8 26. Nd2 axb3 27. Qxb3 Nd5
28. Ne4 Qe5 29. Bd6 Rxd6 30. Nxd6 (30. f4 $5) 30... Nc5 $4 (30... Qxd6 31. Qxb7
(31. e4 Nd4 32. Qxb7 Nc7 $15) 31... Re8 32. a4 Nc5 $13) 31. Qc4 Qxd6 32. Bxd5
1-0

[Event "15. OIBM Bad Wiessee"]
[Site "Bad Wiessee"]
[Date "2011.10.31"]
[Round "4.13"]
[White "Müller, Ralf"]
[Black "Sokolov, Andrei"]
[Result "0-1"]
[WhiteElo "2411"]
[BlackElo "2519"]
[PlyCount "92"]
[EventDate "2011.??.??"]
[WhiteTeam "SC Böblingen 1975 e.V."]
[BlackTeam "TV Tegernsee"]

1. Nf3 Nf6 2. c4 e6 3. g3 d5 4. d4 dxc4 5. Bg2 Bb4+ 6. Bd2 a5 7. O-O O-O 8. Bg5
Be7 9. Qc2 h6 10. Bxf6 Bxf6 11. Rd1 Nc6 12. Na3 Nb4 13. Qc1 c5 14. dxc5 Qe7 15.
Rd6 b6 16. Nxc4 bxc5 17. a3 Ba6 18. Nfd2 Nd5 19. e4 Bxc4 20. Nxc4 Nc7 21. e5
Bxe5 22. Rd1 Bd4 23. Bxa8 Rxa8 24. Qd2 a4 25. Rab1 Nd5 26. Rbc1 Rb8 27. Rc2 h5
28. Re1 Rb3 29. Ne3 Qb7 30. Nxd5 Qxd5 31. Qe2 h4 32. Qg4 hxg3 33. hxg3 Bxb2 34.
Qxa4 Bd4 35. Qe8+ Kh7 36. Qxf7 Rxg3+ 37. Kf1 Qg2+ 38. Ke2 Qe4+ 39. Kf1 Qd3+ 40.
Rce2 Rg6 41. Rc1 Qxa3 42. Qf4 Qh3+ 43. Ke1 Rg4 44. Re3 Bxe3 45. Qxe3 Qxe3+ 46.
fxe3 Rg1+ 0-1

[Event "15. OIBM Bad Wiessee"]
[Site "Bad Wiessee"]
[Date "2011.10.31"]
[Round "4.15"]
[White "Rivas Pastor, Manuel"]
[Black "Zude, Arno"]
[Result "1-0"]
[WhiteElo "2559"]
[BlackElo "2431"]
[PlyCount "65"]
[EventDate "2011.??.??"]
[BlackTeam "SV 1920 Hofheim"]

1. d4 Nf6 2. c4 e6 3. Nf3 Bb4+ 4. Bd2 Qe7 5. g3 Nc6 6. Bg2 Bxd2+ 7. Nbxd2 O-O
8. O-O d6 9. e4 e5 10. d5 Nb8 11. Ne1 a5 12. b3 Na6 13. a3 Bg4 14. f3 Bd7 15.
Rf2 c6 16. Bf1 Rfb8 17. Nc2 cxd5 18. cxd5 b5 19. b4 Qd8 20. Nb3 axb4 21. axb4
Qb6 22. Kg2 Bh3+ 23. Kg1 Bd7 24. Qd2 Rc8 25. Kg2 Ne8 26. Bd3 Nac7 27. Na5 Ra7
28. Rff1 Na8 29. Na3 Rac7 30. Qe2 Rb8 31. Rfc1 Qd4 32. Qd2 Nb6 33. Nb3 1-0

[Event "15. OIBM Bad Wiessee"]
[Site "Bad Wiessee"]
[Date "2011.10.31"]
[Round "4.16"]
[White "Adhiban, B."]
[Black "Kotainy, Jens"]
[Result "1-0"]
[WhiteElo "2551"]
[BlackElo "2406"]
[PlyCount "65"]
[EventDate "2011.??.??"]
[BlackTeam "Sportfreunde Katernberg 1913 e.V"]

1. c4 e6 2. g3 Nf6 3. Nf3 c5 4. Nc3 d5 5. cxd5 exd5 6. d4 Nc6 7. Bg2 Be7 8. O-O
O-O 9. dxc5 Bxc5 10. Na4 Be7 11. Be3 Ne4 12. Rc1 Bg4 13. Nd4 Nxd4 14. Bxd4 Bg5
15. Rc2 Bf5 16. e3 Qa5 17. Nc3 Rfd8 18. Nxe4 dxe4 19. Qe2 Qxa2 20. Qb5 g6 21.
Qxb7 Rab8 22. Qc7 Rdc8 23. Qe5 f6 24. Rxc8+ Rxc8 25. Qe7 Qf7 26. Qxa7 Qxa7 27.
Bxa7 Rc4 28. Bd4 Kf7 29. Ra1 Rc7 30. b4 Ke6 31. b5 Kd5 32. b6 Rb7 33. Ra5+ 1-0

[Event "15. OIBM Bad Wiessee"]
[Site "Bad Wiessee"]
[Date "2011.10.31"]
[Round "4.18"]
[White "Zygouris, Hristos"]
[Black "Andersson, Ulf"]
[Result "1/2-1/2"]
[WhiteElo "2194"]
[BlackElo "2582"]
[PlyCount "32"]
[EventDate "2011.??.??"]
[WhiteTeam "ESKA"]
[BlackTeam "SF Gerresheim 86 e.V."]

1. c4 c5 2. g3 g6 3. Bg2 Bg7 4. Nc3 Nc6 5. Nf3 e6 6. d3 Nge7 7. Bg5 h6 8. Bd2
O-O 9. a3 d5 10. O-O b6 11. Rb1 Bb7 12. Qc1 Kh7 13. b4 cxb4 14. axb4 Qd7 15. b5
Nd8 16. c5 bxc5 1/2-1/2

[Event "15. OIBM Bad Wiessee"]
[Site "Bad Wiessee"]
[Date "2011.10.31"]
[Round "4.19"]
[White "Eingorn, Vereslav"]
[Black "Lupor, Andre¦"]
[Result "1-0"]
[WhiteElo "2567"]
[BlackElo "2300"]
[PlyCount "71"]
[EventDate "2011.??.??"]
[BlackTeam "SG Ennepe-Ruhr-S"]

1. c4 c5 2. Nf3 Nc6 3. Nc3 e5 4. e3 Nf6 5. a3 d5 6. cxd5 Nxd5 7. Bb5 Nxc3 8.
bxc3 Bd6 9. e4 O-O 10. O-O Na5 11. d4 cxd4 12. cxd4 exd4 13. Bb2 Bc5 14. Bxd4
Bxd4 15. Nxd4 a6 16. Be2 Qd6 17. Qa4 Nc6 18. Nxc6 Bd7 19. Qb4 Qxc6 20. Rfc1 a5
21. Qb1 Qd6 22. Qxb7 Be6 23. Bf3 Qe5 24. Qc7 Qg5 25. Qc5 Qf4 26. e5 Rac8 27.
Qe3 Qxe3 28. fxe3 g5 29. Bb7 Rb8 30. Rab1 Rfd8 31. Be4 Bb3 32. e6 Bxe6 33. Rxb8
Rxb8 34. Rc5 a4 35. Rxg5+ Kf8 36. Ra5 1-0

[Event "15. OIBM Bad Wiessee"]
[Site "Bad Wiessee"]
[Date "2011.10.31"]
[Round "4.20"]
[White "Lindemann, Christian"]
[Black "Zhigalko, Andrey"]
[Result "0-1"]
[WhiteElo "2235"]
[BlackElo "2555"]
[PlyCount "70"]
[EventDate "2011.??.??"]
[WhiteTeam "Schwarz-Weiß Neukölln e.V."]

1. e4 c5 2. Nf3 Nc6 3. Bb5 Nf6 4. Nc3 Qc7 5. O-O Nd4 6. Nxd4 cxd4 7. Nd5 Nxd5
8. exd5 Qc5 9. Ba4 Qxd5 10. d3 e6 11. f4 g6 12. Bd2 f5 13. c4 Qd6 14. Re1 Kf7
15. b4 b6 16. Qe2 Qc7 17. Rac1 Rb8 18. Qf2 Bg7 19. Bb3 Bb7 20. Rc2 Rhc8 21. Bc1
Qd6 22. a3 a5 23. b5 h6 24. Rce2 Bf6 25. Bb2 Rc5 26. Re5 Bxe5 27. fxe5 Rxe5 28.
Rxe5 Qxe5 29. Bxd4 Qd6 30. Qe3 g5 31. Bd1 f4 32. Bh5+ Ke7 33. Qe5 Qxe5 34. Bxe5
d6 35. Bg7 e5 0-1

[Event "15. OIBM Bad Wiessee"]
[Site "Bad Wiessee"]
[Date "2011.10.31"]
[Round "4.21"]
[White "Ehrke, Michael"]
[Black "Hoffmann, Michael"]
[Result "0-1"]
[WhiteElo "2203"]
[BlackElo "2496"]
[PlyCount "68"]
[EventDate "2011.??.??"]
[WhiteTeam "Lübecker SV von 1873"]
[BlackTeam "SG Solingen e.V."]

1. d4 Nf6 2. Nf3 e6 3. c3 c5 4. e3 b6 5. Nbd2 Be7 6. Bd3 O-O 7. O-O cxd4 8.
exd4 Ba6 9. Ne4 Nxe4 10. Bxe4 d5 11. Bd3 Bxd3 12. Qxd3 Nc6 13. Bf4 Qd7 14. Ne5
Nxe5 15. dxe5 Rfc8 16. Rfd1 b5 17. Be3 a5 18. a3 Qb7 19. Bd4 g6 20. g4 b4 21.
axb4 axb4 22. Rxa8 Rxa8 23. h3 b3 24. f4 Qc6 25. f5 Ra2 26. Rd2 Bg5 27. Rf2 Bh4
28. Rd2 Qa6 29. Qf3 {Diagramm #} Rxb2 30. fxe6 $2 (30. Rxb2 Qa1+ 31. Qf1 Qxb2
32. fxe6 fxe6 33. Bc5 Bf2+ 34. Bxf2 Qxc3 35. Qb5 b2 36. Qe8+ $11) 30... fxe6 $2
(30... Rb1+ $1 $19) 31. Bc5 $2 (31. Rxb2 $1) 31... Rb1+ 32. Kg2 Qc8 33. Bb4 Qa8
34. Kh2 Ra1 0-1

[Event "15. OIBM Bad Wiessee"]
[Site "Bad Wiessee"]
[Date "2011.10.31"]
[Round "4.22"]
[White "Ziska, Helgi Dam"]
[Black "Heimrath, Reiner"]
[Result "1-0"]
[WhiteElo "2460"]
[BlackElo "2299"]
[PlyCount "111"]
[EventDate "2011.??.??"]
[BlackTeam "SC Noris-Tarrasch Nürnberg 1873"]

1. e4 e6 2. d3 d5 3. Qe2 Nf6 4. Nf3 Be7 5. g3 c5 6. Bg2 Nc6 7. e5 Nd7 8. h4 h6
9. Bf4 Nd4 10. Nxd4 cxd4 11. Nd2 Qb6 12. Rb1 Nb8 13. Qg4 g6 14. Bxd5 h5 15. Qh3
Qa5 16. Be4 Nc6 17. O-O Bd7 18. Nc4 Qc7 19. Qg2 Rb8 20. Rfe1 b5 21. Nd2 Rc8 22.
Nf3 Kf8 23. Qf1 Kg7 24. Qe2 Qb6 25. Qd2 Rc7 26. Bg5 Rhc8 27. a3 Be8 28. Qf4
Bxg5 29. Nxg5 Qc5 30. Bxg6 Qe7 31. Bxh5 Nd8 32. Qe4 Qc5 33. Qh7+ Kf8 34. Nxe6+
Nxe6 35. Re4 Qxc2 36. Qh6+ Ke7 37. Qf6+ Kd7 38. Rxd4+ Kc6 39. Bf3+ Kb6 40. Rd6+
Rc6 41. Re1 Rxd6 42. exd6 Qd2 43. Rxe6 Qc1+ 44. Kg2 fxe6 45. Qd4+ Qc5 46. d7
Rd8 47. dxe8=Q Rxe8 48. Qe4 Re7 49. b4 Qd6 50. h5 e5 51. g4 Qf6 52. Qe3+ Ka6
53. Qc5 Rf7 54. Bd5 Rg7 55. a4 Rxg4+ 56. Kf1 1-0

[Event "15. OIBM Bad Wiessee"]
[Site "Bad Wiessee"]
[Date "2011.10.31"]
[Round "4.23"]
[White "Verstraeten, Reinaert"]
[Black "Meins, Gerlef"]
[Result "0-1"]
[WhiteElo "2136"]
[BlackElo "2490"]
[PlyCount "66"]
[EventDate "2011.??.??"]
[BlackTeam "SAbt SV Werder Bremen"]

1. e4 c5 2. Nf3 Nc6 3. d4 cxd4 4. Nxd4 Nf6 5. Nc3 d6 6. Be3 Ng4 7. Bb5 Nxe3 8.
fxe3 Bd7 9. O-O e6 10. Bxc6 bxc6 11. e5 Be7 12. exd6 Bxd6 13. Nf3 Bc7 14. Qd4
O-O 15. Rad1 Be8 16. Qc4 Qe7 17. Na4 Rb8 18. Qc3 e5 19. Nc5 Rb5 20. b4 a5 21.
a3 axb4 22. axb4 Bd6 23. Rxd6 Qxd6 24. Nxe5 f6 25. Nf3 Rb8 26. Nd4 Bg6 27. Rf3
Rfe8 28. Rg3 Qd5 29. h4 Ra8 30. h5 Qxh5 31. Nxc6 Qd1+ 32. Kh2 Ra1 33. Rf3 Qd6+
0-1

[Event "15. OIBM Bad Wiessee"]
[Site "Bad Wiessee"]
[Date "2011.10.31"]
[Round "4.24"]
[White "Smirnov, Artem"]
[Black "Kartsev, Soel"]
[Result "1-0"]
[WhiteElo "2444"]
[BlackElo "2183"]
[PlyCount "127"]
[EventDate "2011.??.??"]
[BlackTeam "SV Castrop-Rauxel 1923"]

1. d4 d5 2. c4 c6 3. Nf3 Nf6 4. e3 Bg4 5. Nc3 Nbd7 6. cxd5 cxd5 7. h3 Bh5 8. g4
Bg6 9. Ne5 e6 10. h4 Qc7 11. Qa4 a6 12. Bd2 Rd8 13. Rc1 Qb8 14. h5 Be4 15. f3
Bxf3 16. Nxf3 Nxg4 17. Ne2 Be7 18. Rg1 f5 19. Nf4 Qd6 20. Ba5 Nxe3 21. Bc7 Qb4+
22. Qxb4 Bxb4+ 23. Ke2 Ng4 24. Bxd8 Kxd8 25. Nxe6+ Ke7 26. Nxg7 Kf6 27. Rc7 Rd8
28. Rxb7 Bf8 29. h6 Nxh6 30. Nh5+ Ke6 31. Bh3 Rc8 32. Kd3 Kd6 33. Ne5 Nxe5+ 34.
dxe5+ Kxe5 35. Rb6 Rc4 36. Bg2 Rd4+ 37. Ke2 Ng4 38. Rb8 Bh6 39. Re8+ Kd6 40.
Rd8+ Ke5 41. Ng3 Rd2+ 42. Ke1 Rxb2 43. Rxd5+ Ke6 44. Nxf5 Ne3 45. Rd6+ Ke5 46.
Rxh6 Kxf5 47. Bh3+ Ke4 48. Re6+ Kf3 49. Rf6+ Ke4 50. Rg7 Rxa2 51. Re7+ Kd4 52.
Rf4+ Kd3 53. Rd7+ Kc2 54. Rf2+ Kb1 55. Bf5+ Ka1 56. Rxa2+ Kxa2 57. Rd2+ Ka1 58.
Bxh7 a5 59. Bg8 Kb1 60. Ke2 Ng4 61. Bh7+ Ka1 62. Kd3 a4 63. Kc3 Ne3 64. Rd3 1-0

[Event "15. OIBM Bad Wiessee"]
[Site "Bad Wiessee"]
[Date "2011.10.31"]
[Round "4.25"]
[White "Mainka, Romuald"]
[Black "Scheckenbach, Franz"]
[Result "1-0"]
[WhiteElo "2488"]
[BlackElo "2178"]
[PlyCount "53"]
[EventDate "2011.??.??"]
[WhiteTeam "Schachclub Hansa Dortmund e.V."]
[BlackTeam "SC Gröbenzell"]

1. e4 c5 2. Ne2 d6 3. g3 b6 4. Bg2 Bb7 5. O-O Nf6 6. Nbc3 e5 7. d3 Be7 8. h3 h5
9. f4 a6 10. a4 Nbd7 11. Be3 Qc7 12. Qd2 O-O-O 13. Rab1 Nb8 14. Nd5 Nxd5 15.
exd5 exf4 16. Bxf4 Bf6 17. c4 a5 18. Bg5 Nd7 19. Bxf6 Nxf6 20. Qg5 Rhg8 21. Nc3
Rde8 22. Rbe1 Rxe1 23. Rxe1 Qd7 24. Rf1 Qe7 25. Ne4 Rf8 26. Qxg7 Nd7 27. Rxf7
1-0